Problems and Solutions in ADVANCED ACCOUNTING: (Record no. 183659)

MARC details
000 -LEADER
fixed length control field 00669nam a22001937a 4500
005 - DATE AND TIME OF LATEST TRANSACTION
control field 20220121152358.0
010 ## - LCCN (DPL NO)
LC control number ENG-130798
020 ## - INTERNATIONAL STANDARD BOOK NUMBER
International Standard Book Number 978-93-89949-69-8
035 ## - SYSTEM CONTROL NUMBER
System control number EN-114330
037 ## - SOURCE OF ACQUISITION
Source of stock number/acquisition DBAD
082 ## - DEWEY DECIMAL CLASSIFICATION NUMBER
Classification number 657.046
100 ## - MAIN ENTRY--PERSONAL NAME
Personal name Sharma, Parveen
245 ## - TITLE STATEMENT
Title Problems and Solutions in ADVANCED ACCOUNTING:
Remainder of title For CA Intermediate/
Statement of responsibility, etc Parveen Sharma and Kapileshwar Bhalla
260 ## - PUBLICATION, DISTRIBUTION, ETC. (IMPRINT)
Place of publication, distribution, etc Chennai
Name of publisher, distributor, etc McGraw Hill Education Private Limited
Date of publication, distribution, etc 2020
270 ## - ADDRESS
Address 444/1, Sri Ekambara Naicker Industrial Estate, Alapakkam, Porur
City Chennai
Postal code 600116
300 ## - PHYSICAL DESCRIPTION
Extent 834p.
Dimensions 25cm(pbk)
700 ## - ADDED ENTRY--PERSONAL NAME
Personal name Bhalla, Kapileshwar
942 ## - ADDED ENTRY ELEMENTS (KOHA)
Source of classification or shelving scheme Dewey Decimal Classification
Item type English Books
Classification part 657.046
Call number suffix SHA
Holdings
Withdrawn status Lost status Not for loan Collection code Home library Current library Date acquired Source of acquisition Cost, normal purchase price Full call number Barcode Copy number Cost, replacement price Koha item type
      Non-fiction Patel Nagar Patel Nagar 30/12/2021 DBAD/PUB 850.00 657.046 SHA EN-114330 1 850.00 English Books

© Delhi Public Library
Hit Counter
free hit counter